The tabernacle of God in the wilderness of Sinai. (Record no. 2516)

000 -LEADER
fixed length control field 00630nam a2200193 a 4500
001 - CONTROL NUMBER
control field :::00000241$&:&@@
003 - CONTROL NUMBER IDENTIFIER
control field OkBaRHE
005 - DATE AND TIME OF LATEST TRANSACTION
control field 20000607103237.0
008 - FIXED-LENGTH DATA ELEMENTS--GENERAL INFORMATION
fixed length control field s1977 j 000 0 eng u
020 ## - INTERNATIONAL STANDARD BOOK NUMBER
International Standard Book Number 0310362008
040 ## - CATALOGING SOURCE
Transcribing agency
100 1# - MAIN ENTRY--PERSONAL NAME
Personal name Kiene, Paul F.
245 14 - TITLE STATEMENT
Title The tabernacle of God in the wilderness of Sinai.
Statement of responsibility, etc Translated by John S. Crandall.
260 ## - PUBLICATION, DISTRIBUTION, ETC. (IMPRINT)
Place of publication, distribution, etc Grand Rapids, MI., :
Name of publisher, distributor, etc Zondervan Publishing House
Date of publication, distribution, etc c1977
300 ## - PHYSICAL DESCRIPTION
Extent 176 p. : illus. ;
Dimensions 29 cm.
650 ## - SUBJECT ADDED ENTRY--TOPICAL TERM
Topical term or geographic name as entry element Tabernacle
942 ## - ADDED ENTRY ELEMENTS (KOHA)
Source of classification or shelving scheme
Koha item type Books
Copies
Not for loan Full call number Withdrawn status Lost status Copy number Permanent Location Date acquired Koha item type Price effective from Damaged status Date last seen Shelving location Barcode Source of classification or shelving scheme
 BM 654 .K4813  1RHEMA Bible Training College2010-04-14Books2010-04-14 2010-04-14General Stacks241